[Event "Titled Tuesday intern op 09th Jan Early"]
[Site "Chess.com INT"]
[Date "2024.01.09"]
[Round "4"]
[White "Rojas Salas, Steven"]
[Black "Khamrakulov, Djurabek"]
[Result "1/2-1/2"]
[WhiteElo "2172"]
[BlackElo "2491"]
[PlyCount "142"]
[EventDate "2024.01.09"]
[EventType "swiss (blitz)"]
[EventRounds "11"]
[EventCountry "USA"]
[SourceTitle "CB03_2024"]
[SourceDate "2024.01.17"]
[SourceVersion "1"]
[SourceVersionDate "2024.01.17"]
[SourceQuality "1"]

1. d4 Nf6 2. c4 e6 3. Nc3 Bb4 4. e3 c5 5. Nf3 cxd4 6. exd4 d5 7. cxd5 Nxd5 8. Bd2 Nc6 9. Bd3 0-0 10. 0-0 Be7 11. Qe2 Nf6 12. Be3 b6 13. a3 Bb7 14. Ba6 Qc8 15. Bxb7 Qxb7 16. Rac1 Rac8 17. Rfd1 Rfd8 18. Ne5 Na5 19. Rc2 Nd5 20. Nxd5 Qxd5 21. Rdc1 Rxc2 22. Qxc2 Bf6 23. Nc6 Nxc6 24. Qxc6 Qxc6 25. Rxc6 h6 26. Rc4 e5 27. d5 Rxd5 28. g3 Rd7 29. Rc6 e4 30. b4 Bb2 31. a4 Rd1+ 32. Kg2 Ra1 33. a5 bxa5 34. bxa5 Rxa5 35. Rc8+ Kh7 36. Rc7 f5 37. Rxa7 Rb5 38. h4 Rd5 39. Rb7 Bd4 40. Bxd4 Rxd4 41. Kf1 Rd3 42. Ke2 Rf3 43. Ra7 f4 44. gxf4 Rxf4 45. h5 Rf5 46. Re7 Rxh5 47. Rxe4 Kg6 48. Kf1 Kf5 49. Re7 g5 50. Ra7 Rh4 51. Kg2 Rg4+ 52. Kh3 Rb4 53. Ra5+ Kf4 54. Kg2 h5 55. Ra8 Kg4 56. Rh8 Rb3 57. Rf8 Rc3 58. Rf7 Rc4 59. Rf8 Rf4 60. f3+ Kh4 61. Rxf4+ gxf4 62. Kh2 Kg5 63. Kh3 Kh6 64. Kh4 Kg6 65. Kh3 Kg5 66. Kg2 Kf5 67. Kh3 Kf6 68. Kh4 Kg6 69. Kh3 Kg5 70. Kg2 Kf5 71. Kh3 Kg5 1/2-1/2

[Event "Edward Lasker Memorial 107th"]
[Site "New York"]
[Date "2023.12.07"]
[Round "1"]
[White "Hoffman, Luc"]
[Black "Khamrakulov, Djurabek"]
[Result "0-1"]
[WhiteElo "2016"]
[BlackElo "2499"]
[PlyCount "68"]
[EventDate "2023.12.07"]
[EventType "swiss"]
[EventRounds "6"]
[EventCountry "USA"]
[SourceTitle "CB50_2023"]
[SourceDate "2023.12.13"]
[SourceVersion "1"]
[SourceVersionDate "2023.12.13"]
[SourceQuality "1"]

1. d4 d5 2. Nf3 Nf6 3. c4 dxc4 4. e3 e6 5. Bxc4 a6 6. 0-0 Nbd7 7. Qe2 c5 8. Rd1 Qc7 9. Bb3 Bd6 10. Nbd2 b5 11. a4 Rb8 12. Nf1 Bb7 13. Ng3 0-0 14. Bd2 Rfc8 15. axb5 axb5 16. Rac1 Qb6 17. Bc2 b4 18. b3 Bxf3 19. Qxf3 cxd4 20. exd4 Qxd4 21. Be3 Qe5 22. Bd4 Qf4 23. Qe2 Be5 24. Be3 Qh4 25. Bb1 Nd5 26. Rxc8+ Rxc8 27. Qa6 Rd8 28. Re1 N7f6 29. Bb6 Nxb6 30. Qxb6 Ng4 31. h3 Nxf2 32. Rxe5 Nxh3+ 33. gxh3 Qxg3+ 34. Kf1 Rd1+ 0-1

[Event "New York 1000 GM Fall GM-A"]
[Site "New York"]
[Date "2023.11.11"]
[Round "6"]
[White "Khamrakulov, Djurabek"]
[Black "Hardaway, Brewington"]
[Result "1/2-1/2"]
[WhiteElo "2500"]
[BlackElo "2323"]
[PlyCount "35"]
[EventDate "2023.11.08"]
[EventType "schev"]
[EventRounds "9"]
[EventCountry "USA"]
[SourceTitle "CB46_2023"]
[SourceDate "2023.11.15"]
[SourceVersion "1"]
[SourceVersionDate "2023.11.15"]
[SourceQuality "1"]
[WhiteTeam "Team2"]
[BlackTeam "Team3"]
[WhiteTeamCountry "USA"]
[BlackTeamCountry "USA"]

1. e4 e5 2. Nf3 Nc6 3. d4 exd4 4. Nxd4 Bc5 5. Be3 Qf6 6. c3 Nge7 7. Bc4 Ne5 8. Be2 Qg6 9. 0-0 d6 10. f3 0-0 11. Nd2 Kh8 12. Kh1 f5 13. f4 Nd7 14. exf5 Nxf5 15. Nxf5 Qxf5 16. Nc4 Nf6 17. Bd3 Qd5 18. Bxc5 1/2-1/2

[Event "Washington op 10th"]
[Site "Rockville"]
[Date "2023.08.16"]
[Round "9"]
[White "Khamrakulov, Djurabek"]
[Black "Steingrimsson, Hedinn"]
[Result "1/2-1/2"]
[WhiteElo "2507"]
[BlackElo "2491"]
[PlyCount "55"]
[EventDate "2023.08.12"]
[EventType "swiss"]
[EventRounds "9"]
[EventCountry "USA"]
[SourceTitle "CBM 215 Extra"]
[Source "ChessBase"]
[SourceDate "2023.09.30"]
[SourceVersion "1"]
[SourceVersionDate "2023.09.30"]
[SourceQuality "1"]

1. e4 c5 2. c3 Nf6 3. e5 Nd5 4. Nf3 Nc6 5. d4 cxd4 6. cxd4 d6 7. Bc4 Nb6 8. Bb5 dxe5 9. Nxe5 Bd7 10. Nxd7 Qxd7 11. Nc3 e6 12. 0-0 Rd8 13. Qf3 a6 14. Bxc6 Qxc6 15. Qg3 h5 16. h3 Rxd4 17. Be3 h4 18. Qe5 Rc4 19. Bxb6 Qxb6 20. Qb8+ Qd8 21. Qxb7 Qc8 22. Qb3 Rb4 23. Qc2 g5 24. Rac1 Bg7 25. Qd2 Qd8 26. Qe2 0-0 27. b3 Qf6 28. Rfe1 1/2-1/2

[Event "Washington op 10th"]
[Site "Rockville"]
[Date "2023.08.13"]
[Round "4"]
[White "Kogen, Jonathan S"]
[Black "Khamrakulov, Djurabek"]
[Result "0-1"]
[WhiteElo "2230"]
[BlackElo "2507"]
[PlyCount "62"]
[EventDate "2023.08.12"]
[EventType "swiss"]
[EventRounds "9"]
[EventCountry "USA"]
[SourceTitle "CBM 215 Extra"]
[Source "ChessBase"]
[SourceDate "2023.09.30"]
[SourceVersion "1"]
[SourceVersionDate "2023.09.30"]
[SourceQuality "1"]

1. d4 Nf6 2. Nf3 e6 3. g3 d5 4. Bg2 Be7 5. 0-0 0-0 6. c4 dxc4 7. Qc2 a6 8. a4 Nc6 9. Qxc4 Nb4 10. Bd2 a5 11. Rc1 c6 12. Nc3 b6 13. Rd1 Ba6 14. Qb3 Qe8 15. Bg5 Rc8 16. Rd2 h6 17. Bxf6 Bxf6 18. e4 c5 19. dxc5 Rxc5 20. e5 Bxe5 21. Ne4 Rd5 22. Nxe5 Rxe5 23. Rad1 Qb8 24. Rd7 Qc8 25. Ra7 Be2 26. Re1 Bd3 27. f4 Rd5 28. Qc3 Nc6 29. Nf6+ gxf6 30. Bxd5 Nxa7 31. Qxd3 Qc5+ 0-1

[Event "Washington op 10th"]
[Site "Rockville"]
[Date "2023.08.12"]
[Round "2"]
[White "Paul, Justin"]
[Black "Khamrakulov, Djurabek"]
[Result "1-0"]
[WhiteElo "2262"]
[BlackElo "2507"]
[PlyCount "103"]
[EventDate "2023.08.12"]
[EventType "swiss"]
[EventRounds "9"]
[EventCountry "USA"]
[SourceTitle "CBM 215 Extra"]
[Source "ChessBase"]
[SourceDate "2023.09.30"]
[SourceVersion "1"]
[SourceVersionDate "2023.09.30"]
[SourceQuality "1"]

1. e4 c6 2. d4 d5 3. Nc3 dxe4 4. Nxe4 Bf5 5. Ng3 Bg6 6. Nf3 Nd7 7. h4 h6 8. h5 Bh7 9. Bd3 Bxd3 10. Qxd3 e6 11. Bd2 Ngf6 12. 0-0-0 Be7 13. Kb1 Qb6 14. Nh4 0-0-0 15. c4 Rhe8 16. Bf4 c5 17. d5 Bd6 18. Bxd6 Qxd6 19. dxe6 Qxd3+ 20. Rxd3 Rxe6 21. Nhf5 Ng4 22. Rd2 Nde5 23. Rxd8+ Kxd8 24. Rd1+ Kc8 25. f3 Nf2 26. Rd2 Ned3 27. Re2 Nh1 28. Ne4 Nf4 29. Re1 Nf2 30. Nxg7 Re7 31. g3 N4d3 32. Nf5 Re6 33. Re2 Nxe4 34. Rxe4 Kd7 35. Rxe6 Kxe6 36. Nxh6 Ne5 37. f4 Nxc4 38. g4 Ne3 39. g5 f5 40. g6 Kf6 41. Ng8+ Kg7 42. Ne7 Kh6 43. b3 b5 44. a4 a6 45. Kb2 b4 46. Kc1 Kg7 47. a5 Kh6 48. Kd2 Nf1+ 49. Kd3 Ng3 50. Kc4 Nxh5 51. Nxf5+ Kxg6 52. Ne7+ 1-0

[Event "World op 51st"]
[Site "Philadelphia"]
[Date "2023.07.04"]
[Round "9"]
[White "Hong, Andrew Z"]
[Black "Khamrakulov, Djurabek"]
[Result "1/2-1/2"]
[WhiteElo "2517"]
[BlackElo "2490"]
[PlyCount "75"]
[EventDate "2023.06.30"]
[EventType "swiss"]
[EventRounds "9"]
[EventCountry "USA"]
[SourceTitle "CBM 215 Extra"]
[Source "ChessBase"]
[SourceDate "2023.09.30"]
[SourceVersion "1"]
[SourceVersionDate "2023.09.30"]
[SourceQuality "1"]

1. e4 c6 2. Nf3 d5 3. d3 g6 4. e5 c5 5. d4 cxd4 6. Qxd4 Nc6 7. Bb5 e6 8. 0-0 Bd7 9. Qf4 Bh6 10. Qg3 Bg7 11. Bxc6 bxc6 12. Be3 Ne7 13. Bc5 Nf5 14. Qf4 g5 15. Nxg5 Bh6 16. h4 Rg8 17. Nd2 Bxg5 18. hxg5 Qxg5 19. Qxg5 Rxg5 20. g3 0-0-0 21. Kg2 Kb8 22. Rh1 h6 23. a4 Rdg8 24. a5 Bc8 25. Ra4 Ba6 26. Rb4+ Ka8 27. Nf3 Nxg3 28. fxg3 Rxg3+ 29. Kf2 Rg2+ 30. Ke3 Rxc2 31. Bd6 c5 32. Rg1 Rc8 33. Rbg4 Rxb2 34. Rg7 Rb3+ 35. Kf2 Rb2+ 36. Ke3 Rb3+ 37. Kf2 Rb2+ 38. Ke3 1/2-1/2

[Event "World op 51st"]
[Site "Philadelphia"]
[Date "2023.07.01"]
[Round "3"]
[White "Senft, Sean"]
[Black "Khamrakulov, Djurabek"]
[Result "0-1"]
[WhiteElo "2081"]
[BlackElo "2490"]
[PlyCount "82"]
[EventDate "2023.06.30"]
[EventType "swiss"]
[EventRounds "9"]
[EventCountry "USA"]
[SourceTitle "CBM 215 Extra"]
[Source "ChessBase"]
[SourceDate "2023.09.30"]
[SourceVersion "1"]
[SourceVersionDate "2023.09.30"]
[SourceQuality "1"]

1. d4 Nf6 2. c4 e6 3. Nf3 c5 4. d5 b5 5. Bg5 b4 6. e4 d6 7. Bd3 Be7 8. 0-0 a5 9. Be3 0-0 10. a3 Na6 11. axb4 Nxb4 12. Nc3 exd5 13. exd5 Qb6 14. Re1 Re8 15. Be2 Bf5 16. Nh4 Bc2 17. Qc1 Nd7 18. Nf3 Bg6 19. Rf1 Nc2 20. Ra2 Bf6 21. Nb5 Re7 22. Bd1 Nxe3 23. fxe3 Rae8 24. Re1 Ne5 25. Nxe5 Rxe5 26. Qd2 Bg5 27. Qxa5 Qxa5 28. Rxa5 Bxe3+ 29. Rxe3 Rxe3 30. Nxd6 Rb8 31. Bf3 h5 32. Rxc5 Rxb2 33. h4 Kh7 34. Rc8 Rc2 35. c5 f6 36. c6 Bd3 37. Rd8 f5 38. Rf8 Kg6 39. Rh8 Be2 40. c7 Bxf3 41. gxf3 Re1# 0-1

[Event "World op 51st"]
[Site "Philadelphia"]
[Date "2023.06.30"]
[Round "1"]
[White "Prasanna, Gracy"]
[Black "Khamrakulov, Djurabek"]
[Result "0-1"]
[WhiteElo "2012"]
[BlackElo "2490"]
[PlyCount "88"]
[EventDate "2023.06.30"]
[EventType "swiss"]
[EventRounds "9"]
[EventCountry "USA"]
[SourceTitle "CBM 215 Extra"]
[Source "ChessBase"]
[SourceDate "2023.09.30"]
[SourceVersion "1"]
[SourceVersionDate "2023.09.30"]
[SourceQuality "1"]

1. e4 Nf6 2. Nc3 d5 3. exd5 Nxd5 4. Bc4 Nb6 5. Bb3 c5 6. d3 Nc6 7. Nf3 Bf5 8. Bf4 e6 9. h3 Bd6 10. Bxd6 Qxd6 11. Qe2 Nd4 12. Nxd4 cxd4 13. Ne4 Bxe4 14. Qxe4 a5 15. 0-0 0-0 16. a4 Nd7 17. Bc4 Nc5 18. Qf3 Rfc8 19. Rfe1 Rc7 20. b3 Na6 21. Re2 Nb4 22. Rae1 Re8 23. Qg4 Ree7 24. Qg5 b6 25. f4 Rc5 26. Qg4 g6 27. Qf3 Rf5 28. Rf2 e5 29. Qa8+ Kg7 30. fxe5 Rexe5 31. Rfe2 Nxc2 32. Rxe5 Rxe5 33. Rf1 Re7 34. Qf3 Ne3 35. Rc1 h5 36. Re1 h4 37. Re2 Qe5 38. Rf2 Nf5 39. Qf4 Qe1+ 40. Rf1 Qe3+ 41. Qxe3 dxe3 42. Re1 Re5 43. Ba6 Nd4 44. Bc4 g5 0-1

[Event "Philadelphia op 16th"]
[Site "Philadelphia"]
[Date "2023.06.25"]
[Round "4"]
[White "Khamrakulov, Djurabek"]
[Black "Le, Tuan Minh"]
[Result "1-0"]
[WhiteElo "2490"]
[BlackElo "2549"]
[PlyCount "167"]
[EventDate "2023.06.24"]
[EventType "swiss"]
[EventRounds "9"]
[EventCountry "USA"]
[SourceTitle "CBM 215 Extra"]
[Source "ChessBase"]
[SourceDate "2023.09.30"]
[SourceVersion "1"]
[SourceVersionDate "2023.09.30"]
[SourceQuality "1"]

1. e4 e5 2. Nf3 Nc6 3. d4 exd4 4. Nxd4 Bc5 5. Nxc6 Qf6 6. Qf3 bxc6 7. Nd2 Qxf3 8. gxf3 d5 9. Nb3 Bd6 10. Bg5 h6 11. Be3 Nf6 12. Bd4 Bf4 13. Rg1 Nh5 14. Bc5 g6 15. h4 a5 16. a4 Be6 17. Nd4 Bd7 18. exd5 cxd5 19. Bb5 Bxb5 20. axb5 Kd7 21. Nc6 Rhe8+ 22. Kd1 Ng7 23. Ra4 Bd6 24. Bxd6 Kxd6 25. Rf4 Nf5 26. h5 Re6 27. hxg6 fxg6 28. Rfg4 a4 29. Rxg6 Rxg6 30. Rxg6+ Kc5 31. Ne5 Kxb5 32. Rf6 Nd6 33. Rxh6 Rg8 34. Kd2 Rg2 35. Ke2 Rg1 36. Rh8 Rc1 37. Rb8+ Ka6 38. Kd2 Rf1 39. Nd3 Ka5 40. Ke3 Nf5+ 41. Kf4 Nd4 42. c3 Nb3 43. Ke5 Rd1 44. Nb4 Rd2 45. Nxd5 Nc5 46. Ne3 Nd7+ 47. Kf4 Rxf2 48. Nc4+ Ka6 49. Rb4 Nc5 50. Ke3 Rh2 51. f4 Rh3+ 52. Kd4 Ne6+ 53. Ke5 Nc5 54. Kd5 Nd3 55. Rxa4+ Kb7 56. Ne5 c6+ 57. Nxc6 Rh4 58. Nd8+ Kc8 59. Ne6 Nxb2 60. Ra7 Kb8 61. Rg7 Nd1 62. Rg3 Nf2 63. c4 Ng4 64. c5 Nf6+ 65. Ke5 Nd7+ 66. Kd6 Nf6 67. Rg6 Ne4+ 68. Ke5 Nd2 69. Kd5 Rh3 70. Kc6 Nc4 71. Rg8+ Ka7 72. Rg7+ Kb8 73. f5 Rd3 74. Rg8+ Ka7 75. Kb5 Na3+ 76. Kc6 Nc4 77. Kc7 Ne5 78. c6 Rc3 79. Nd4 Rc4 80. Rg1 Ra4 81. Rb1 Nc4 82. f6 Ne5 83. Rb7+ Ka6 84. Rb6+ 1-0

[Event "New York Fall GM-B"]
[Site "Long Island City"]
[Date "2022.11.11"]
[Round "5"]
[White "Khamrakulov, Djurabek"]
[Black "Stearman, Josiah P"]
[Result "1-0"]
[WhiteElo "2490"]
[BlackElo "2377"]
[PlyCount "59"]
[EventDate "2022.11.09"]
[EventType "tourn"]
[EventRounds "9"]
[EventCountry "USA"]
[SourceTitle "CBM 211 Extra"]
[Source "ChessBase"]
[SourceDate "2023.01.31"]
[SourceVersion "1"]
[SourceVersionDate "2023.01.31"]
[SourceQuality "1"]

1. e4 c5 2. c3 Nf6 3. e5 Nd5 4. d4 cxd4 5. Nf3 d6 6. cxd4 Nc6 7. Bc4 dxe5 8. dxe5 Be6 9. 0-0 g6 10. Ng5 Bg7 11. Nxe6 fxe6 12. Nc3 Nxe5 13. Bxd5 exd5 14. Nxd5 e6 15. Qa4+ Nc6 16. Nf4 Qf6 17. Qb3 Nd4 18. Qxb7 0-0 19. Be3 Nc2 20. Rac1 Nxe3 21. fxe3 Qxb2 22. Qd7 Rad8 23. Qxe6+ Kh8 24. Qh3 Kg8 25. Ne6 Rxf1+ 26. Rxf1 Rb8 27. Nxg7 Qxg7 28. Qe6+ Kh8 29. Rf7 Qc3 30. h3 1-0

[Event "New York Fall GM-B"]
[Site "Long Island City"]
[Date "2022.11.10"]
[Round "3"]
[White "Paragua, Mark"]
[Black "Khamrakulov, Djurabek"]
[Result "1/2-1/2"]
[WhiteElo "2466"]
[BlackElo "2490"]
[PlyCount "20"]
[EventDate "2022.11.09"]
[EventType "tourn"]
[EventRounds "9"]
[EventCountry "USA"]
[SourceTitle "CBM 211 Extra"]
[Source "ChessBase"]
[SourceDate "2023.01.31"]
[SourceVersion "1"]
[SourceVersionDate "2023.01.31"]
[SourceQuality "1"]

1. e4 d6 2. d4 Nf6 3. Nc3 e5 4. Nf3 Nbd7 5. Bc4 Be7 6. 0-0 0-0 7. Re1 c6 8. a4 Qc7 9. h3 b6 10. Bg5 Bb7 1/2-1/2

[Event "New York Fall GM-B"]
[Site "Long Island City"]
[Date "2022.11.09"]
[Round "1"]
[White "Adewumi, Tanitoluwa"]
[Black "Khamrakulov, Djurabek"]
[Result "1-0"]
[WhiteElo "2262"]
[BlackElo "2490"]
[PlyCount "111"]
[EventDate "2022.11.09"]
[EventType "tourn"]
[EventRounds "9"]
[EventCountry "USA"]
[SourceTitle "CBM 211 Extra"]
[Source "ChessBase"]
[SourceDate "2023.01.31"]
[SourceVersion "1"]
[SourceVersionDate "2023.01.31"]
[SourceQuality "1"]

1. e4 c6 2. d4 d5 3. exd5 cxd5 4. Bd3 Nf6 5. c3 Bg4 6. Qb3 Qc7 7. Ne2 Bxe2 8. Bxe2 Nc6 9. 0-0 e6 10. Be3 Bd6 11. g3 h5 12. Qd1 h4 13. Kg2 Ne4 14. Nd2 hxg3 15. hxg3 Bxg3 16. Rh1 Rxh1 17. Qxh1 Bd6 18. Nxe4 dxe4 19. Qh8+ Bf8 20. d5 exd5 21. Bc5 0-0-0 22. Bxf8 f5 23. Qg8 Kb8 24. Rh1 f4 25. f3 d4 26. cxd4 Nxd4 27. Rh8 exf3+ 28. Kf2 Kc8 29. Bd3 Qe5 30. Qc4+ Nc6 31. Bxg7 Qxg7 32. Bf5+ Kc7 33. Rh7 Rd2+ 34. Ke1 Qxh7 35. Bxh7 Rxb2 36. Qxf4+ Kb6 37. Qe3+ Kc7 38. Qxf3 a5 39. Be4 Rb4 40. a3 Rd4 41. Qe3 Rd7 42. Kf2 Re7 43. Ke2 Kd6 44. Kd2 Kc7 45. Kc3 Re5 46. Qf4 Kb6 47. Qf2+ Rc5+ 48. Kb3 Kb5 49. Bd3+ Kb6 50. Qe3 Ne5 51. Be4 Nc6 52. Ka4 Nd8 53. Bf5 Nc6 54. Bc8 Na7 55. Bxb7 Nb5 56. Bf3 1-0

[Event "New York Fischer GM"]
[Site "New York"]
[Date "2022.09.02"]
[Round "3"]
[White "Zeltsan, Joseph"]
[Black "Khamrakulov, Djurabek"]
[Result "0-1"]
[WhiteElo "2432"]
[BlackElo "2497"]
[PlyCount "94"]
[EventDate "2022.09.01"]
[EventType "tourn"]
[EventRounds "9"]
[EventCountry "USA"]
[EventCategory "6"]
[SourceTitle "CBM 210 Extra"]
[Source "ChessBase"]
[SourceDate "2022.11.30"]
[SourceVersion "1"]
[SourceVersionDate "2022.11.30"]
[SourceQuality "1"]

1. e4 c6 2. d4 d5 3. e5 Bf5 4. h4 h5 5. c4 e6 6. Nc3 Ne7 7. Nge2 dxc4 8. Ng3 b5 9. Bg5 Qb6 10. Be2 Na6 11. 0-0 Nb4 12. a4 Bd3 13. Bxd3 Nxd3 14. axb5 cxb5 15. b3 Qc6 16. bxc4 bxc4 17. Nxh5 Rd8 18. Qg4 Rd7 19. Rfb1 Nc8 20. Rb8 Nb4 21. Ne4 Na6 22. Nef6+ gxf6 23. Nxf6+ Kd8 24. Nd5+ Ke8 25. Nf6+ Kd8 26. Nd5+ Ke8 27. Rxc8+ Qxc8 28. Nf6+ Kd8 29. Nxd7+ Kxd7 30. Bf6 Rh6 31. d5 Nc7 32. Rxa7 Qb8 33. dxe6+ fxe6 34. Ra1 Qb4 35. Bg7 Kc6 36. Qe4+ Nd5 37. Bxh6 Bxh6 38. Qg6 Bd2 39. Qxe6+ Kc5 40. Qg6 Qb2 41. Qd6+ Kd4 42. Rf1 c3 43. e6 c2 44. e7 c1Q 45. g3 Be1 46. Kg2 Qe3 47. Kh3 Qxe7 0-1

[Event "New York Summer GM-A"]
[Site "New York"]
[Date "2022.07.10"]
[Round "6"]
[White "Kaliksteyn, Alexander"]
[Black "Khamrakulov, Djurabek"]
[Result "1/2-1/2"]
[WhiteElo "2380"]
[BlackElo "2492"]
[PlyCount "29"]
[EventDate "2022.07.07"]
[EventType "tourn"]
[EventRounds "9"]
[EventCountry "USA"]
[EventCategory "8"]
[SourceTitle "CBM 209 Extra"]
[Source "ChessBase"]
[SourceDate "2022.09.30"]
[SourceVersion "1"]
[SourceVersionDate "2022.09.30"]
[SourceQuality "1"]

1. d4 Nf6 2. Nf3 b6 3. Bf4 Bb7 4. h3 g6 5. e3 Bg7 6. Be2 0-0 7. 0-0 c5 8. c3 d6 9. Nbd2 Nbd7 10. a4 a6 11. Bh2 Re8 12. Bc4 d5 13. Bd3 c4 14. Be2 b5 15. b4 1/2-1/2

[Event "New York Summer GM-A"]
[Site "New York"]
[Date "2022.07.07"]
[Round "1"]
[White "Khamrakulov, Djurabek"]
[Black "Song, Michael"]
[Result "1/2-1/2"]
[WhiteElo "2492"]
[BlackElo "2409"]
[PlyCount "35"]
[EventDate "2022.07.07"]
[EventType "tourn"]
[EventRounds "9"]
[EventCountry "USA"]
[EventCategory "8"]
[SourceTitle "CBM 209 Extra"]
[Source "ChessBase"]
[SourceDate "2022.09.30"]
[SourceVersion "1"]
[SourceVersionDate "2022.09.30"]
[SourceQuality "1"]

1. e4 c5 2. c3 Nf6 3. e5 Nd5 4. Nf3 Nc6 5. d4 cxd4 6. cxd4 d6 7. Bc4 dxe5 8. dxe5 Ndb4 9. 0-0 Qxd1 10. Rxd1 Bg4 11. Nc3 e6 12. Bf4 Bxf3 13. gxf3 g5 14. Bg3 Bg7 15. a3 Nc2 16. Rac1 N2d4 17. Nb5 Rd8 18. Nxd4 1/2-1/2

[Event "New York Spring IM-B"]
[Site "New York"]
[Date "2022.04.18"]
[Round "8"]
[White "Fawole, John Oyeyemi"]
[Black "Khamrakulov, Djurabek"]
[Result "0-1"]
[WhiteElo "2126"]
[BlackElo "2491"]
[PlyCount "84"]
[EventDate "2022.04.14"]
[EventType "tourn"]
[EventRounds "9"]
[EventCountry "USA"]
[EventCategory "2"]
[SourceTitle "CBM 207 Extra"]
[Source "ChessBase"]
[SourceDate "2022.05.31"]
[SourceVersion "1"]
[SourceVersionDate "2022.05.31"]
[SourceQuality "1"]

1. d4 d5 2. Nf3 Nf6 3. e3 c5 4. Be2 Nc6 5. b3 cxd4 6. exd4 Bf5 7. 0-0 Qc7 8. c4 e6 9. Bb2 Rd8 10. Nc3 Be7 11. cxd5 Nxd5 12. Qd2 Nf4 13. Bc4 a6 14. Rfc1 0-0 15. Qe3 Qb8 16. Ne4 Nd5 17. Qe2 Qa7 18. h3 Rfe8 19. Ng3 Bg6 20. Rd1 b5 21. Bxd5 Rxd5 22. Rac1 Qd7 23. Nf1 Rd8 24. Ne3 Rd6 25. a4 Qb7 26. axb5 axb5 27. Ne5 Nxe5 28. dxe5 Rxd1+ 29. Rxd1 Rxd1+ 30. Qxd1 h5 31. Qd4 b4 32. Nc4 Qa8 33. Qd7 Bg5 34. Qd4 Qa2 35. Qd1 Be4 36. Kh2 Bd5 37. Qxh5 Bf4+ 38. g3 Qb1 39. gxf4 Qh1+ 40. Kg3 Qg2+ 41. Kh4 Qxf2+ 42. Kg5 Bf3 0-1

[Event "New York Winter GM-A"]
[Site "New York"]
[Date "2022.01.16"]
[Round "7"]
[White "Khamrakulov, Djurabek"]
[Black "Rozman, Levy"]
[Result "1/2-1/2"]
[WhiteElo "2507"]
[BlackElo "2346"]
[PlyCount "62"]
[EventDate "2022.01.13"]
[EventType "tourn"]
[EventRounds "9"]
[EventCountry "USA"]
[EventCategory "8"]
[SourceTitle "CBM 206 Extra"]
[Source "ChessBase"]
[SourceDate "2022.03.31"]
[SourceVersion "1"]
[SourceVersionDate "2022.03.31"]
[SourceQuality "1"]

1. e4 c6 2. Nc3 d5 3. Nf3 g6 4. d4 Bg7 5. Be3 dxe4 6. Nxe4 Nf6 7. Nxf6+ exf6 8. Bc4 0-0 9. a4 Na6 10. 0-0 Nc7 11. Re1 a5 12. Qd3 Nd5 13. Qb3 Be6 14. Bd2 Qc7 15. Bxd5 cxd5 16. Re3 Rfc8 17. Rc3 Qd7 18. Rxc8+ Qxc8 19. Re1 Bf8 20. Re3 Bb4 21. Bxb4 axb4 22. Qxb4 Qxc2 23. b3 Qc1+ 24. Re1 Qb2 25. a5 Qa2 26. Qxb7 Qxa5 27. h3 Qd8 28. Qc6 Rc8 29. Qa6 Ra8 30. Qc6 Rc8 31. Qa6 Ra8 1/2-1/2